Detalles MARC
| 000 -CABECERA |
| campo de control de longitud fija |
01684nam a2200217 a 4500 |
| 001 - NÚMERO DE CONTROL |
| campo de control |
000006119 |
| 005 - FECHA Y HORA DE LA ÚLTIMA TRANSACCIÓN |
| campo de control |
20260120101213.0 |
| 008 - DATOS DE LONGITUD FIJA--INFORMACIÓN GENERAL |
| campo de control de longitud fija |
090826s1998 dr 001 0 spa d |
| 040 ## - FUENTE DE LA CATALOGACIÓN |
| Centro catalogador/agencia de origen |
DO-SdBNP |
| Lengua de catalogación |
spa |
| Centro/agencia transcriptor |
BNPHU |
| 082 ## - NÚMERO DE LA CLASIFICACIÓN DECIMAL DEWEY |
| Número de clasificación |
370.115 |
| Número de documento/Ítem |
T266v |
| 245 00 - MENCIÓN DE TÍTULO |
| Título |
Vivamos la democracia : |
| Resto del título |
selección de lecturas / |
| Mención de responsabilidad, etc. |
selección y sistematización Darío Tejeda. |
| 260 ## - PUBLICACIÓN, DISTRIBUCIÓN, ETC. |
| Lugar de publicación, distribución, etc. |
Santo Domingo : |
| Nombre del editor, distribuidor, etc. |
Central de Servicios Pedagógicos, |
| Fecha de publicación, distribución, etc. |
1998. |
| 300 ## - DESCRIPCIÓN FÍSICA |
| Extensión |
iii, 166 p. ; |
| Dimensiones |
22 cm. |
| 500 ## - NOTA GENERAL |
| Nota general |
Incluye referencias bibliográficas y notas al pie de las páginas. |
| 505 0# - NOTA DE CONTENIDO CON FORMATO |
| Información miscelánea |
I: La democracia : |
| Título |
Definiciones de democracia -- |
| -- |
La limitación de lo político -- |
| -- |
La libertad del sujeto -- |
| -- |
La democracia como forma de vida y como filosofía política -- |
| -- |
Concepto de democracia, notas características: participación, pluralismo, libertad, respecto mutuo y justicia -- |
| Información miscelánea |
II: Educación para la democracia: |
| Título |
La educación moral como necesidad pedagógica -- |
| -- |
Finalidades y estrategias para la democracia: educación participativa, educación crítica, educación para la paz y educación moral -- |
| Información miscelánea |
III: Educación en democracia: |
| Título |
Adquisición de pericia en las decisiones -- |
| -- |
El papel del maestro en las decisiones -- |
| -- |
Libertad para hacer preguntas -- |
| -- |
IV: Educación democrática: |
| -- |
El papel estratégico de la educación -- |
| -- |
El proceso de grupo y la educación -- |
| -- |
Una educación experimental para desarrollar la democracia en las instituciones educativas. |
| Información miscelánea |
Anexo. |
| 590 ## - NOTA LOCAL (RLIN) |
| Nota local |
Inventariado, 2018/LP |
| 650 #4 - PUNTO DE ACCESO ADICIONAL DE MATERIA--TÉRMINO DE MATERIA |
| Término de materia o nombre geográfico como elemento de entrada |
Democracia |
| Subdivisión general |
Aspectos sociales |
| -- |
Ensayos, conferencias, etc. |
| 9 (RLIN) |
17228 |
| 650 #0 - PUNTO DE ACCESO ADICIONAL DE MATERIA--TÉRMINO DE MATERIA |
| Término de materia o nombre geográfico como elemento de entrada |
Civismo |
| 9 (RLIN) |
17229 |
| 700 1# - PUNTO DE ACCESO ADICIONAL--NOMBRE DE PERSONA |
| Nombre de persona |
Rejeda, Darío, |
| Término indicativo de función/relación |
comp. |
| 9 (RLIN) |
17230 |
| 910 ## - DATOS DE OPCIÓN DEL USUARIO (OCLC) |
| Datos de opción del usuario |
Validado. Control de calidad EMS |